CUNNINGHAM'S MANUAL OF PRACTICAL ANATOMY:UPPER AND LOWER LIMBS [ VOL-1] (Record no. 8403)

MARC details
000 -LEADER
fixed length control field 00490nam a22001817a 4500
005 - DATE AND TIME OF LATEST TRANSACTION
control field 20230821115900.0
008 - FIXED-LENGTH DATA ELEMENTS--GENERAL INFORMATION
fixed length control field 230818b |||||||| |||| 00| 0 eng d
020 ## - INTERNATIONAL STANDARD BOOK NUMBER
ISBN 978-0-19-874936-3
041 ## - LANGUAGE CODE
Language code of text/sound track or separate title eng
082 ## - DEWEY DECIMAL CLASSIFICATION NUMBER
Classification number 611 KOS-C
100 ## - MAIN ENTRY--AUTHOR NAME
Personal name KOSHI, DR.RACHEL
245 ## - TITLE STATEMENT
Title CUNNINGHAM'S MANUAL OF PRACTICAL ANATOMY:UPPER AND LOWER LIMBS [ VOL-1]
250 ## - EDITION STATEMENT
Edition statement 16TH ED. 2017
260 ## - PUBLICATION, DISTRIBUTION, ETC. (IMPRINT)
Place of publication U.K
Name of publisher OXFORD UNIVERSITY PRESS
Year of publication 2017
300 ## - PHYSICAL DESCRIPTION
Number of Pages 301;p
650 ## - SUBJECT ADDED ENTRY--TOPICAL TERM
Topical Term BPT
942 ## - ADDED ENTRY ELEMENTS (KOHA)
Koha item type Books
Holdings
Lost status Damaged status Collection code Home library Current library Shelving location Date acquired Source of acquisition Cost, normal purchase price Full call number Accession Number Koha item type
    PHYSIOTHERAPY JRU Library JRU Library Shelf - 24- A 05/08/2023 PURCHASE [LBI] 650.00 611 KOS-C 27941 Books
    PHYSIOTHERAPY JRU Library JRU Library Shelf - 24- A 05/08/2023 PURCHASE [LBI] 650.00 611 KOS-C 27942 Books
    PHYSIOTHERAPY JRU Library JRU Library Shelf - 24- A 05/08/2023 PURCHASE [LBI] 650.00 611 KOS-C 27943 Books